Bilecik Bilecik Bilecik Bilecik Bilecik

Mevlana ve Goethe/ (Record no. 8331)

MARC details
000 -BAŞLIK
Sabit Uzunluktaki Kontrol Alanı 02177nam a22003977a 4500
001 - KONTROL NUMARASI
Control Dosyası 0008359
003 - KONTROL NUMARASI KİMLİĞİ
Kontrol Alanı KOHA_MİRAKIL
005 - EN SON İŞLEM TARİHİ ve ZAMANI
Kontrol Alanı 20260207001631.0
007 - FİZİKSEL TANIM SABİT ALAN - GENEL BİLGİ
Sabit uzunluklu kontrol alanı ta
008 - SABİT UZUNLUKTAKİ VERİ ÖGELERİ - GENEL BİLGİ
Sabit Alan 091009b2008 tu |||gr||||#0|||1|tur |
020 ## - ISBN - ULUSLARARASI STANDART KİTAP NUMARASI
Isbn 9754376050
040 ## - KATALOGLAMA KAYNAĞI
Özgün Kataloglama Kurumu TR-BiSEU
Kataloglama Dili tur
Çeviri Kurumu TR-BiSEU
Açıklama Kuralları rda
041 0# - DİL KODU
Metin ya da ses kaydının dil kodu tur
044 ## - YAYINLAYAN/ÜRETEN KURULUŞUN ÜLKE KODU
ISO country code tu
050 ## - SINIFLAMA ve YER NUMARASI
Sınıflama Numarası PK6482
Yer Numarası .O95 2008
100 1# - KİŞİ ADI
Yazar Adı (Kişi adı) Özkan, Senail.
245 1# - ESER ADI BİLDİRİMİ
Başlık Mevlana ve Goethe/
Sorumluluk Bildirimi Senail Özkan ; Senail Özkan.
264 #1 - ÜRERİM, YAYIN, DAĞITIM ve TELİF BİLDİRİMİ
Yayın yeri İstanbul :
Yayınlayan Ötüken
Yayın tarihi 2008
300 ## - FİZİKSEL TANIMLAMA
Sayfa, Cilt vb. 179 sayfa
336 ## - İÇERİK TÜRÜ
Content type term metin
Content type code txt
Source rdacontent
337 ## - MEDYA TÜRÜ
Media type term aracısız
Media type code n
Source rdamedia
338 ## - TAŞIYICI TÜRÜ
Carrier type term cilt
Carrier type code nc
Source rdacarrier
490 1# - DİZİ BİLDİRİMİ
Dizi Bildirimi Yayın ;
Cilt Numarası nu.
490 1# - DİZİ BİLDİRİMİ
Dizi Bildirimi 668.
490 1# - DİZİ BİLDİRİMİ
Dizi Bildirimi Kültür serisi ;
Cilt Numarası 322.
500 ## - GENEL NOT
Genel Not Kaynakça ve dizin var.
505 ## - İÇİNDEKİLER NOTU
İçindekiler Notu Mevlâna ve Goethe'yi okumak, bakışını yıldızlara çevirmek demektir... Mevlâna ve Goethe bugüne kadar ulaşılmayan ve bundan sonra da ulaşılamayacak olan iki zirvedir. Mevlâna mistik düşüncenin ve mistik şiirin ulaşılamayan kutup yıldızıdır. Edebiyatın, sanat ve düşüncenin hemen her alanında kalem oynatmış olan Goethe ise daha çok trajik ve lirik şiirin, trajik düşüncenin bir kutbudur. Farklı çağlarda yaşamış bu iki deha, sadece yaşadıkları asırları aydınlatmakla kalmamış, aynı zamanda insanlığın bugün her zamankinden daha çok muhtaç olduğu sevgi, hoşgörü ve hümanizm gibi evrensel değerlerini yüceltmiş ve ebedîleştirmişlerdir. Mevlâna ve Goethe'nin evrensel sanat, estetik, etik ve mistik değerlerle yüklü sevgi ve hoşgörü katarı, çağları geride bırakarak ve bugün pek karanlık zamanların arasından geçerek sonsuza doğru yol almaktadır. Onların temsil ettikleri hümanizmi iyi anlamak, hayatın, hürriyetin ve ebedî sevgi yolculuğunun heyecanını duymak lâzımdır.
650 #0 - KONU BAŞLIĞI EK GİRİŞ - KONU TERİMİ
Konusal terim veya coğrafi ad Mevlâna Celaleddin Rumî, 1207-1273.
9 (RLIN) 20749
650 #0 - KONU BAŞLIĞI EK GİRİŞ - KONU TERİMİ
Konusal terim veya coğrafi ad Goethe, Johann Wolfgang von, 1749-1832.
9 (RLIN) 20750
650 #0 - KONU BAŞLIĞI EK GİRİŞ - KONU TERİMİ
Konusal terim veya coğrafi ad Divan şiiri--İnceleme.
9 (RLIN) 20751
830 1# - SERİ EK GİRİŞİ - TEKBİÇİM ESER ADI
Tekbiçim Başlık Yayın ;
Volume number/sequential designation nu.
9 (RLIN) 1557
830 1# - SERİ EK GİRİŞİ - TEKBİÇİM ESER ADI
Tekbiçim Başlık 668.
9 (RLIN) 6188
830 1# - SERİ EK GİRİŞİ - TEKBİÇİM ESER ADI
Tekbiçim Başlık Kültür serisi ;
Volume number/sequential designation 322.
9 (RLIN) 5523
907 ## - LOCAL DATA ELEMENT G, LDG (RLIN)
a Şiir
942 ## - EK GİRİŞ ÖGELERİ (KOHA)
Source of classification or shelving scheme Library of Congress Classification
Koha item type Book
505 ## - İÇİNDEKİLER NOTU
--
Holdings
Materyal Türü Kalıcı Konum Mevcut Konum Raf Yeri Sınıflandırma Kaynağı Edinim Bilgisi Ana Konular Alt Konular Yer Numarası Demirbaş Numarası Fatura Tarihi Maliyet, Alış Fiyatı Maliyet, Yenileme Fiyatı Geri Çekilme Durumu Kayıp Durumu Hasarlı Durumu Kredi için değil Kayıt Tarih Toplam Ödünçverme Son Görülme Tarihi Son Kontrol Tarihi Genel / Bağış Notu
Book Prof. Dr. Azmi Özcan Kütüphanesi Prof. Dr. Azmi Özcan Kütüphanesi Birûni Salonu Library of Congress Classification Bağış DİL VE EDEBİYAT Hint-İran Dilleri ve Edebiyatları PK6482 .O95 2008 0008359 13/08/2010 12.00 12.00         09/10/2009 10 05/12/2024 05/12/2024 Ötüken Yayınevi